Quiz sur le groupe A du BUT2 GEA d'Aix en 2024/2025 - Statistiques

Statistiques générales
  • Ce quiz a été pris 21 fois
  • Le résultat moyen est 18 sur 27
Statistiques - réponses
Indice Nom % Correct
Je ne vis pas sans puff Dylan
100%
Je suis plus à la BU que chez moi Ilyes
100%
Je fais des pets en cours Arthur
88%
Je suis le cousin à ChatGPT Justin
88%
J’adore le Maroc Louis
88%
Je suis la plus gênante Melody
88%
J'ai un problème au foie Morgan
88%
Je n'ai jamais parlé à voix haute Nancy
88%
Je suis un chameau Amel
75%
J’ai pécho plusieurs personnes au premier WEI Chloé H
75%
Je passe mes week-ends à Saint Tropez Emma L
75%
Je suis là qu'un cours sur deux (et encore) Abdarahim
63%
J'ai 30 ans Chloé G
63%
Je passe inaperçu Emeline
63%
J'aime bien Kvaratskhelia Ketevan
63%
Je suis extrêmement naïve Melissa
63%
Je suis une puante Twitch Michele
63%
Rupture amoureuse (Garçon) Octave
63%
Rupture amoureuse (Fille) Sofia
63%
Je crée le malaise Ylian
63%
Je grandi toutes les semaines Emma T
50%
MVP du premier WEI Noah
50%
Je suis le duo de la puante Twitch Sana
50%
Je suis Jack Sparrow Soléa
50%
J'aime les grands bruns ténébreux Lalie
38%
Je suis ouverte d'esprit Léa
38%
Je met une tête à Abdel en taille Elizabeth
25%
Aucun quiz correspondant
Distribution des résultats
% des personnes avec chaque résultat
Percentile par nombre de réponses
Votre historique - résultats
Vous n’avez pas pris ce quiz